| 000 | 00793nam a2200229Ia 4500 | ||
|---|---|---|---|
| 001 | 9192 | ||
| 003 | GE_BSU | ||
| 008 | 181216s||||||||xx |||||||||||||| ||und|| | ||
| 040 | _cGE_BSU | ||
| 080 | _a821.353.1.09+821.353.1-11 | ||
| 100 | _aლორთქიფანიძე,კონსტანტინე | ||
| 245 | _aსიყვარულმა მათქმევინა | ||
| 245 | _bწერილები | ||
| 245 | _cრედ.გ.ნატროშვილი.მხატვ. ს.ცინცაძე | ||
| 260 | _aთბილისი | ||
| 260 | _bნაკადული | ||
| 260 | _c1974 | ||
| 300 | _a250გვ.17სმ. | ||
| 653 | _aსიყვარულმა მათქმევინა | ||
| 653 | _aწერილები | ||
| 942 | _cBK | ||
| 999 |
_c42495 _d42495 |
||